Slow moon climbs: the science. history, and meaning of menopause (Record no. 1226905)

MARC details
000 -LEADER
fixed length control field 00641nam a2200217Ia 4500
005 - DATE AND TIME OF LATEST TRANSACTION
control field 20241129110007.0
008 - FIXED-LENGTH DATA ELEMENTS--GENERAL INFORMATION
fixed length control field 241129s9999||||xx |||||||||||||| ||und||
020 ## - INTERNATIONAL STANDARD BOOK NUMBER
International Standard Book Number 9780691171630
037 ## - SOURCE OF ACQUISITION
Stock number TB
040 ## - CATALOGING SOURCE
Original cataloging agency ARTS
Language of cataloging eng
Transcribing agency ARTS
041 ## - LANGUAGE CODE
Language code of text/sound track or separate title eng
Source of code eng
084 ## - COLON CLASSIFICATION NUMBER
Classification number L9F:393 Q9
Assigning agency ARTS
100 ## - MAIN ENTRY--PERSONAL NAME
Personal name Mattern Susan P. Au.
9 (RLIN) 726776
245 #0 - TITLE STATEMENT
Title Slow moon climbs: the science. history, and meaning of menopause
Statement of responsibility, etc. Mattern Susan P. Au.
260 ## - PUBLICATION, DISTRIBUTION, ETC.
Place of publication, distribution, etc. Princeton, USA
Name of publisher, distributor, etc. Princeton University Press
Date of publication, distribution, etc. 2022
300 ## - PHYSICAL DESCRIPTION
Extent 466p.
365 ## - TRADE PRICE
Price type code USD
Price amount 29.95
650 ## - SUBJECT ADDED ENTRY--TOPICAL TERM
Topical term or geographic name entry element Medicine
942 ## - ADDED ENTRY ELEMENTS (KOHA)
Koha item type Textbook
Classification part L9F:393 Q9
Holdings
Withdrawn status Lost status Damaged status Not for loan Home library Current library Date acquired Source of acquisition Cost, normal purchase price Inventory number Total Checkouts Full call number Barcode Date last seen Price effective from Koha item type
        Arts Library Arts Library 2024-11-29 Elite Publishers Distributors 29.95 14858 & 04/12/2023   L9F:393 Q9 AL1667938 2024-11-29 2024-11-29 Textbook
Copyright @ Delhi University Library System